Online
Catalog

James Clerk Maxwell : (Record no. 5016)

MARC details
000 -CABECERA
campo de control de longitud fija 00613nam a2200193 a 4500
001 - NÚMERO DE CONTROL
campo de control 000005215
005 - FECHA Y HORA DE LA ÚLTIMA TRANSACCIÓN
campo de control 20200929151618.0
008 - DATOS DE LONGITUD FIJA--INFORMACIÓN GENERAL
campo de control de longitud fija 090818s1998 sp a 001 spa d
020 ## - NÚMERO INTERNACIONAL ESTÁNDAR DEL LIBRO
Número Internacional Estándar del Libro 8400077105
040 ## - FUENTE DE LA CATALOGACIÓN
Centro catalogador/agencia de origen DO-SdBNP
082 ## - NÚMERO DE LA CLASIFICACIÓN DECIMAL DEWEY
Número de clasificación xxx
Número de documento/Ítem C631e
049 ## - FONDOS LOCALES (OCLC)
Fondos de biblioteca BNPD
100 1# - ENTRADA PRINCIPAL--NOMBRE DE PERSONA
Nombre de persona Sánchez Ron. José Manuel
Fechas asociadas al nombre 1949
9 (RLIN) 14894
245 10 - MENCIÓN DE TÍTULO
Título James Clerk Maxwell :
Resto del título Escritos científicos /
Mención de responsabilidad, etc. José Manuel Sánchez Ron.
260 ## - PUBLICACIÓN, DISTRIBUCIÓN, ETC.
Lugar de publicación, distribución, etc. Madrid, :
Nombre del editor, distribuidor, etc. consejo Superior de Investigaciones Científicas,
Fecha de publicación, distribución, etc. 1998.
300 ## - DESCRIPCIÓN FÍSICA
Extensión 161 p. :
Otras características físicas il ;
Dimensiones 23 cm.
500 ## - NOTA GENERAL
Nota general Incluye datos biográficos
500 ## - NOTA GENERAL
Nota general Incluye tabla de contenido
Holdings
Estado de retiro Estado de pérdida Restricciones de uso No para préstamo Código de colección Localización permanente Ubicación/localización actual Ubicación en estantería Fecha de adquisición Número de inventario Total de préstamos Signatura topográfica completa Código de barras Fecha visto por última vez Precio válido a partir de Tipo de ítem Koha
      Excluido de préstamo Monografías: Libros y Folletos General General En catalogación 18.08.2009 LF1   xxx C631e 5215-10 25.06.2020 25.06.2020 No se presta

Powered by Koha